000 00437nam a2200181Ia 4500
001 21482
005 20260306172922.0
008 260306t2011||||xx |||||||||||||| ||spa||
041 _aESP
082 _a345.1
_bG312
100 _aSeminario Sayán, Gustavo
_eAUT
245 0 _aManual del código procesal penal
260 _c2011
300 _a263 páginas :
_c24 cm.
650 _aGEN
654 _aCDE
942 _cLIB
_dJUS
_fJUS
_2ddc
_n
999 _c21482
_d21482